Statistics for Countries By Largest City #2

Click here to take the quiz!

General Stats

  • This quiz has been taken 54 times
  • The average score is 14 of 15

Answer Stats

Largest CityCountry% Correct
SydneyAustralia
100%
Sao PauloBrazil
100%
TorontoCanada
100%
BerlinGermany
100%
RomeItaly
100%
JohannesburgSouth Africa
100%
KabulAfghanistan
98%
OsloNorway
98%
LimaPeru
98%
LisbonPortugal
98%
ViennaAustria
96%
BucharestRomania
94%
TaipeiTaiwan
94%
PrishtinaKosovo
74%
LusakaZambia
66%

Score Distribution

Percentile by Number Answered

Percent of People with Each Score

Your Score History

You have not taken this quiz